Welcome to CU Library Online Public Access Catalogue (OPAC)

Cases in strategic management / (Record no. 5382)

MARC details
000 -LEADER
fixed length control field 00581cam a2200193 a 4500
001 - CONTROL NUMBER
control field 4431541
005 - DATE AND TIME OF LATEST TRANSACTION
control field 20250407151401.0
008 - FIXED-LENGTH DATA ELEMENTS--GENERAL INFORMATION
fixed length control field 940215s1995 ilua b 000 0 eng
020 ## - INTERNATIONAL STANDARD BOOK NUMBER
International Standard Book Number 0256167885
050 00 - LIBRARY OF CONGRESS CALL NUMBER
Classification number HD30.28
Item number .C3893 1995
082 00 - DEWEY DECIMAL CLASSIFICATION NUMBER
Classification number 658.4/012
Edition information 20
245 00 - TITLE STATEMENT
Title Cases in strategic management /
Statement of responsibility, etc. Andrew C. Inkpen ... [et al.].
260 ## - PUBLICATION, DISTRIBUTION, ETC.
Place of publication, distribution, etc. [Burr Ridge, Ill.] :
Name of publisher, distributor, etc. Irwin,
Date of publication, distribution, etc. c1995.
300 ## - PHYSICAL DESCRIPTION
Extent xi, 395 p. :
Other physical details ill. ;
Dimensions 24 cm.
650 #0 - SUBJECT ADDED ENTRY--TOPICAL TERM
Topical term or geographic name entry element Strategic planning
General subdivision Case studies.
650 #0 - SUBJECT ADDED ENTRY--TOPICAL TERM
Topical term or geographic name entry element Competition
General subdivision Case studies.
700 1# - ADDED ENTRY--PERSONAL NAME
Personal name Inkpen, Andrew C.
942 ## - ADDED ENTRY ELEMENTS (KOHA)
Source of classification or shelving scheme Library of Congress Classification
Koha item type Books
Suppress in OPAC No
999 ## -
-- 5382
-- 5382
Holdings
Withdrawn status Lost status Source of classification or shelving scheme Damaged status Not for loan Collection Home library Current library Shelving location Date acquired Total checkouts Full call number Barcode Date last seen Copy number Price effective from Koha item type
    Library of Congress Classification     Non-fiction Undergraduate Library (Christ Temple) Undergraduate Library (Christ Temple) General stacks 04/07/2025   HD30.28 CAS ulct00002113 04/07/2025 1 04/07/2025 Books
    Library of Congress Classification     Non-fiction Undergraduate Library (Christ Temple) Undergraduate Library (Christ Temple) General stacks 04/07/2025   HD30.28 CAS ulct00002114 04/07/2025 2 04/07/2025 Books
© 2023-2024 Copyright: Central University Libraries. All Rights Reserved | Created by: Mahone Tech Office